000 00698nam a22001937a 4500
005 20220727115201.0
008 220727b ||||| |||| 00| 0 eng d
040 _cAloy
041 _ahin
082 _223
_aH891.4
_bRATL
100 _aVijay Ratnsundarsuri: विजय रत्नसुंदरसुरी
_953505
245 _aLakshmanrekha: लक्ष्मणरेखा
260 _aAhmedabad
_bRatntrayi Trust
_c2007
300 _a107p.
_bHB
_c21x14cm.
365 _2Hindi
_b40.00
_c
_d40.00
650 _aHindi Prose: हिंदी गध्य
_953506
700 _aRATNSUNDARSURI (Vijay): रत्नसुंदरसुरी ( विजय)
_953507
942 _2ddc
_cGF
999 _c224223
_d224223